000 00681nam a22002177a 4500
003 KOHA_MİRAKIL
005 20260424105035.0
008 260421b tu ||||| |||| 00| 0 tur d
020 _a9786258440447
040 _aTR-AnABB
_btur
_cTR-AnABB
041 _atur
082 _a813.42
_bDOG 2022
100 1 _aDoğan, Hasan
245 1 0 _aBahriyeli :
_bÇatalzeytin'den Kandıra'ya dalgalar /
_cHasan Doğan
260 _aAnkara :
_bKarina Yayınevi,
_c2022
300 _a524 sayfa ;
_c20 cm
500 _aYazar tarafından Prof. Dr. Ruşen Keleş için imzalanmıştır.
650 0 4 _aTürk edebiyatı, roman
900 _bCan ÇELIK
942 _2ddc
_cBK
999 _c10323
_d10323